00301nam a2200085 450000500170000008400400001710000200005724500860007726000520016320260422155446.0 2Colon ClassificationaY21:(L:7).212 aRAJALEKSHMI , M aSocial dimensions of infertility on couples undergoing treatment: Kerala Scenario aThiruvananthapuram,bLoyola College, UOK,c2026